Exotické opcie

Up-In bariérové Call opcie. Down-In Put opcie. Vzorce a výpočty. Praktické využitie bariérových opcií.

Gespeichert in:
Bibliographische Detailangaben
1. Verfasser: Šturc, Boris, 1961-
Format: Buchkapitel
Sprache:Slowakisch
Schlagworte:
Tags: Tag hinzufügen
Keine Tags, Fügen Sie das erste Tag hinzu!

MARC

LEADER 00000nla$a2200000$$$4500
001 0035051
005 20240502071446.7
041 0 |a slo 
044 |a SK 
245 1 0 |a Exotické opcie  |c Boris Šturc 
520 |a Up-In bariérové Call opcie. Down-In Put opcie. Vzorce a výpočty. Praktické využitie bariérových opcií. 
610 2 0 |a ceny 
610 2 0 |a opcie 
610 2 0 |a riziko kurzové 
610 2 0 |a kurz devízový 
610 2 0 |a trh devízový 
100 1 |a Šturc, Boris, 1961-